000 00304nam a22001337a 4500
008 171104b xxu||||| |||| 00| 0 eng d
020 _a9780130453860
041 _aeng
080 _a339.138
100 _a61
101 _aMKT
245 _aINTERNATIONAL MARKETING RESEARCH
_cKUMAR, V
942 _2udc
_cBK
999 _c37620
_d37620